Statistics for Malaysian Grand Prix Winners (Formula 1)

Click here to take the quiz!

General Stats

  • This quiz has been taken 445 times
  • The average score is 16 of 17

Answer Stats

YearWinner% Correct
2014Lewis Hamilton
99%
2001Michael Schumacher
99%
2004Michael Schumacher
99%
2000Michael Schumacher
99%
2002Ralf Schumacher
99%
2013Sebastian Vettel
99%
2010Sebastian Vettel
99%
2011Sebastian Vettel
99%
2007Fernando Alonso
98%
2005Fernando Alonso
98%
2012Fernando Alonso
98%
2003Kimi Raikkonen
96%
2008Kimi Raikkonen
96%
2009Jenson Button
95%
2015Sebastian Vettel
95%
2006Giancarlo Fisichella
70%
1999Eddie Irvine
68%

Score Distribution

Percentile by Number Answered

Percent of People with Each Score

Your Score History

You have not taken this quiz